Ranking da FIFA 2023 (Top 50) - Statistics

Estatísticas Gerais
  • Esse quiz foi jogado 478 vezes
  • A pontuação média é 41 de 50
Estatísticas das Respostas
# PC Seleção % Correto
21 Brasil
100%
18 Argentina
99%
15 França
99%
8 Portugal
97%
16º 14 Uruguai
97%
14 Belgica
96%
10º 16 Espanha
96%
17º 6 Colombia
95%
15 Inglaterra
95%
18 Italia
95%
20º 7 Japão
95%
15º 17 Mexico
94%
14º 20 Alemanha
93%
31º 8 Chile
93%
25º 10 Coreia do Sul
92%
11 Holanda
92%
11º 5 Marrocos
92%
23º 11 Suecia
92%
27º 6 Australia
91%
6 Croacia
91%
12º 12 Suiça
91%
37º 11 Russia
90%
41º 4 Equador
87%
22º 9 Polonia
86%
39º 3 Egito
85%
18º 5 Dinamarca
84%
19º 3 Senegal
84%
46º 8 Paraguai
81%
21º 5 Peru
81%
29º 10 Servia
81%
49º 6 Arabia Saudita
79%
33º 8 Camarões
79%
32º 6 Costa Rica
79%
43º 3 Noruega
79%
24º 6 Irã
78%
44º 2 Turquia
76%
26º 1 Ucrania
76%
35º 6 Nigeria
75%
34º 9 Austria
74%
13º 11 EUA
74%
48º 3 Irlanda
73%
30º 6 Tunisia
72%
36º 9 Hungria
71%
40º 4 Argelia
70%
28º 2 Pais de Gales
68%
42º 8 Escocia
66%
47º 3 Costa do Marfim
61%
45º 0 Mali
24%
38º 8 Tcheca/Tchecoslováquia
21%
50º 0 Burkina Faso
12%
Nenhum quiz correspondente encontrado
Distribuição das Pontuações
Porcentagem de Pessoas com Cada Pontuação
Percentil de Números Respondidos
Sua Pontuação Histórica
Você não jogou esse quiz